[Event "AUTO-ADV-2152"]
[Site "http://www.queenalice.com/game.php?id=935327"]
[Date "2011.5.7"]
[Round "1"]
[White "holandes"]
[Black "dladetto"]
[Result "0-1"]
[WhiteElo "1783"]
[BlackElo "1931"]

1. d4 d5 2. Nf3 c5 3. e3 cxd4 4. exd4 g6 5. Bg5 Bg7 6. c3 Nc6 7. Be2 Nf6 8. O-O
O-O 9. Qc1 Bg4 10. Bh6 Bxf3 11. Bxf3 e6 12. Bxg7 Kxg7 13. Nd2 Qd6 14. Re1 Rac8
15. Qd1 b5 16. a3 Na5 17. b4 Nc4 18. Nxc4 Rxc4 19. Rc1 Rfc8 20. Re3 a6 21. g3
Qc7 22. Qd2 Ne8 23. Be2 Rc6 24. f3 Nd6 25. g4 Qe7 26. Kg2 Qg5 27. Rd3 Qxd2 28.
Rxd2 Rxc3 29. Rxc3 Rxc3 30. Rd3 Rxd3 31. Bxd3 Nc4 32. Bxc4 dxc4 33. Kf2 Kf6 34.
f4 g5 35. f5 exf5 36. h3 f4 37. Ke2 Ke6 38. Kd2 Kd5 39. Kc3 f3 0-1

[Event "AUTO-ADV-2152"]
[Site "http://www.queenalice.com/game.php?id=935328"]
[Date "2011.5.7"]
[Round "1"]
[White "dladetto"]
[Black "BigRezi"]
[Result "1-0"]
[WhiteElo "1957"]
[BlackElo "1693"]

1. e4 d6 2. d4 g6 3. f4 c5 4. d5 Bg7 5. Nf3 Bg4 6. Be2 Nf6 7. O-O O-O 8. c4 Nxe4
9. Nbd2 Nxd2 10. Bxd2 Qb6 11. Qc2 Bf5 12. Bd3 Bxd3 13. Qxd3 Nd7 14. Bc3 Nf6 15.
Rfe1 Rae8 16. a4 a6 17. h3 e6 18. a5 Qd8 19. dxe6 Rxe6 20. Rxe6 fxe6 21. Ng5 Re8
22. Re1 Qd7 23. Qe3 Re7 24. Rd1 Ne8 25. Bxg7 Kxg7 26. Ne4 Qa4 27. Qc3+ Kf7 28.
Nxd6+ Nxd6 29. Rxd6 Qa1+ 30. Kf2 h5 31. Qd2 Qa4 32. Qc3 Qe8 33. b3 e5 34. Qg3
Re6 35. Rxe6 Qxe6 36. fxe5 b5 37. Qf3+ Ke7 38. Qb7+ Qd7 39. Qxd7+ Kxd7 40. Ke3
b4 41. Kf4 Ke6 42. h4 Ke7 43. g4 hxg4 44. Kxg4 Kf8 45. Kg5 Kg7 46. e6 1-0

[Event "AUTO-ADV-2152"]
[Site "http://www.queenalice.com/game.php?id=935329"]
[Date "2011.5.7"]
[Round "1"]
[White "BigRezi"]
[Black "dladetto"]
[Result "0-1"]
[WhiteElo "1688"]
[BlackElo "1962"]

1. e4 e5 2. Nf3 Nc6 3. d4 exd4 4. Nxd4 Bc5 5. Be3 Qf6 6. c3 Nge7 7. Nxc6 Bxe3 8.
fxe3 Nxc6 9. Nd2 d6 10. Qc2 Bg4 11. h3 Bh5 12. g4 Bg6 13. O-O-O O-O 14. Bd3 Ne5
15. Rhf1 Qe6 16. Nb3 Nxd3+ 17. Qxd3 Qxe4 18. Qxe4 Bxe4 19. Rf2 Rae8 20. Re1 Re7
21. Kd2 Rfe8 22. Nd4 g6 23. Nb5 a6 24. Nd4 Bd5 25. b3 c5 26. Nc2 Be4 27. Na3 b5
28. Rf6 Re6 29. Rxe6 Rxe6 30. c4 b4 31. Nc2 Bg2 32. h4 Re4 33. Rg1 Rxg4 34. Ne1
Bh3 35. Rxg4 Bxg4 36. Ng2 Kg7 37. Nf4 Bf3 38. Nd5 Bxd5 39. cxd5 f5 40. Ke2 Kf6
41. Kf3 Ke5 42. Ke2 Kxd5 43. Kd3 h6 44. Kd2 g5 45. hxg5 hxg5 0-1

[Event "AUTO-ADV-2152"]
[Site "http://www.queenalice.com/game.php?id=935330"]
[Date "2011.5.7"]
[Round "1"]
[White "dladetto"]
[Black "thw"]
[Result "1-0"]
[WhiteElo "1896"]
[BlackElo "1804"]

1. c4 e5 2. Nc3 Nf6 3. g3 d5 4. cxd5 Nxd5 5. Bg2 c6 6. Nf3 f6 7. O-O Be6 8. d4
exd4 9. Nxd4 Nxc3 10. Nxe6 Qxd1 11. Rxd1 Nxd1 12. Nc7+ Kd7 13. Nxa8 Bc5 14. e3
Na6 15. Bf3 Nxe3 16. Bxe3 Rxa8 17. Rd1+ Kc7 18. Bf4+ Kb6 19. Rd7 g5 20. Bd2 Rh8
21. Bc3 Rf8 22. Rxh7 f5 23. a3 g4 24. Be2 Re8 25. Kf1 Nc7 26. b4 Bd6 27. Rf7 Nd5
28. Bd4+ 1-0

[Event "AUTO-ADV-2152"]
[Site "http://www.queenalice.com/game.php?id=935331"]
[Date "2011.5.7"]
[Round "1"]
[White "thw"]
[Black "dladetto"]
[Result "0-1"]
[WhiteElo "1789"]
[BlackElo "1908"]

1. e4 c5 2. Nf3 Nc6 3. d4 cxd4 4. Nxd4 g6 5. c3 Bg7 6. Be3 Nf6 7. f3 O-O 8. Qd2
d6 9. Bh6 Bd7 10. Bxg7 Kxg7 11. h4 h5 12. Be2 Qc7 13. Rg1 Ne5 14. Qe3 a6 15. f4
Neg4 16. Bxg4 Nxg4 17. Qf3 Qc5 18. Nd2 e5 19. b4 Qc7 20. Ne2 f5 21. exf5 Rxf5
22. Qe4 Bc6 23. Qc4 Ne3 24. Qb3 Bxg2 25. fxe5 Rxe5 26. c4 Rae8 27. Kf2 Ng4+ 0-1

[Event "Challenge"]
[Site "http://www.queenalice.com/game.php?id=939222"]
[Date "2011.5.17"]
[Round "-"]
[White "Ebbe"]
[Black "dladetto"]
[Result "0-1"]
[WhiteElo "1943"]
[BlackElo "1941"]

1. e4 c5 2. Nf3 Nc6 3. Bc4 e6 4. e5 d6 5. exd6 Bxd6 6. d4 cxd4 7. Nxd4 Qa5+ 8.
Bd2 Qe5+ 9. Be3 Nge7 10. c3 O-O 11. Bd3 b6 12. Qf3 Bb7 13. Be4 Nxd4 14. cxd4
Qxe4 15. Qxe4 Bxe4 16. O-O Nd5 17. Nd2 Bd3 18. Rfe1 Rac8 19. b3 Nb4 20. Rec1 Nc2
21. Rxc2 Rxc2 22. a3 Rfc8 23. Nf3 Rb2 24. b4 Rb1+ 25. Rxb1 Bxb1 26. g3 Rc3 27.
Nd2 Ba2 28. Ne4 Bxb4 29. Nxc3 Bxc3 30. f4 Bb3 31. g4 Bb2 32. f5 Bxa3 33. f6 gxf6
34. Bh6 a5 35. Be3 a4 0-1

[Event "QA-ANNIV-07"]
[Site "http://www.queenalice.com/game.php?id=950686"]
[Date "2011.6.16"]
[Round "1"]
[White "dladetto"]
[Black "LAIRE"]
[Result "0-1"]
[WhiteElo "1953"]
[BlackElo "1969"]

1. c4 e6 2. Nc3 d5 3. cxd5 exd5 4. d4 c6 5. Nf3 Bf5 6. e3 Bd6 7. Bd3 Bxd3 8.
Qxd3 Nf6 9. O-O O-O 10. Re1 Nbd7 11. e4 dxe4 12. Nxe4 Nxe4 13. Rxe4 Nc5 14. Qe3
Nxe4 15. Qxe4 Qe7 16. Qd3 Rae8 17. Be3 f5 18. Re1 h6 19. h3 Qf7 20. b3 Bb4 21.
Bd2 Rxe1+ 22. Bxe1 Bxe1 23. Nxe1 g5 24. Qc4 Re8 25. Qxf7+ Kxf7 26. Kf1 g4 27.
hxg4 fxg4 28. Nc2 h5 29. g3 Kf6 30. Ne3 Rd8 31. Nc2 Kf5 32. Ke2 Ke4 33. a4 a5
34. Kd2 c5 0-1

[Event "AUTO-MASTER-1450"]
[Site "http://www.queenalice.com/game.php?id=960604"]
[Date "2011.7.15"]
[Round "1"]
[White "gardez2005"]
[Black "dladetto"]
[Result "0-1"]
[WhiteElo "1978"]
[BlackElo "1956"]

1. e4 c5 2. Nc3 Nc6 3. f4 g6 4. Nf3 Bg7 5. Bc4 e6 6. f5 Nge7 7. fxe6 dxe6 8. d3
O-O 9. a3 a6 10. O-O b5 11. Ba2 Bb7 12. Be3 Nd4 13. Qd2 Nec6 14. Bh6 Nxf3+ 15.
Rxf3 Nd4 16. Rh3 Nxc2 17. Bxg7 Kxg7 18. Qh6+ Kf6 19. Rf1+ Ke7 20. Qh4+ Ke8 21.
Qf2 Qd4 22. Rxh7 Bc6 23. Kh1 Qxf2 24. Rxf2 Nd4 25. Nd1 Rd8 26. Ne3 Rd7 27. Ng4
f5 28. Rxd7 Bxd7 29. Ne5 g5 30. Nxd7 Kxd7 31. exf5 exf5 32. h3 f4 33. Bd5 Kd6
34. Bb7 a5 35. Be4 a4 36. Kg1 b4 37. Kf1 Nb5 38. axb4 cxb4 39. Ke1 a3 40. bxa3
bxa3 41. Ra2 Kc5 42. Kd2 Kb4 43. Bf3 Rc8 44. Bg4 Rc7 45. Be6 Nd4 46. Bc4 Nf5 47.
Ra1 Ne3 48. g3 Nxc4+ 49. dxc4 Rxc4 50. gxf4 Rxf4 51. Ke3 Rh4 52. Rb1+ Ka4 0-1

[Event "AUTO-MASTER-1450"]
[Site "http://www.queenalice.com/game.php?id=960605"]
[Date "2011.7.15"]
[Round "1"]
[White "dladetto"]
[Black "gardez2005"]
[Result "1-0"]
[WhiteElo "1938"]
[BlackElo "1996"]

1. c4 c6 2. Nc3 d5 3. cxd5 cxd5 4. d4 Nf6 5. Bf4 Nc6 6. e3 Bg4 7. Be2 Bxe2 8.
Ngxe2 e6 9. O-O Bd6 10. a3 O-O 11. Rc1 Rc8 12. Kh1 a6 13. Na4 Bxf4 14. Nxf4 Qe7
15. Nc5 Rc7 16. b4 Rfc8 17. f3 h6 18. Qd3 Kh8 19. e4 dxe4 20. fxe4 Rd8 21. Ne2
Ne5 22. Qg3 Ng6 23. Rfd1 Rcc8 24. h3 Qe8 25. Qf3 Kg8 26. Nc3 Ne7 27. d5 exd5 28.
exd5 Rd6 29. Nxb7 Rb6 30. Nc5 Rd6 31. Qf4 Rb6 32. d6 Ng6 33. Qd4 Nd7 34. Re1 Qd8
35. Nd5 Rbc6 36. Kh2 Nde5 37. Rxe5 Nxe5 38. Ne7+ Kf8 39. Qxe5 1-0

[Event "AUTO-MASTER-1450"]
[Site "http://www.queenalice.com/game.php?id=960620"]
[Date "2011.7.15"]
[Round "1"]
[White "GEORGESILVA"]
[Black "dladetto"]
[Result "1-0"]
[WhiteElo "2188"]
[BlackElo "1967"]

1. e4 c5 2. Nf3 Nc6 3. d4 cxd4 4. Nxd4 g6 5. Be2 Bg7 6. c3 d6 7. O-O Nf6 8. Qc2
O-O 9. Be3 Bd7 10. Nd2 Qc7 11. Rac1 e5 12. N4b3 Rad8 13. h3 a6 14. f4 exf4 15.
Bxf4 Be6 16. Kh1 Ne5 17. Nd4 Bc4 18. Bxe5 dxe5 19. Nxc4 exd4 20. e5 Nd5 21. cxd4
b5 22. Nd6 Rxd6 23. exd6 Qxd6 24. Qc5 Qxc5 25. dxc5 Bxb2 26. Rc2 Be5 27. Rf3 Rc8
28. a3 Nc7 29. c6 Ne6 30. Re3 Bf4 31. Re4 Bd6 32. a4 Nc7 33. axb5 axb5 34. g4 b4
35. Bc4 Kf8 36. Rf2 1-0

[Event "AUTO-MASTER-1450"]
[Site "http://www.queenalice.com/game.php?id=960621"]
[Date "2011.7.15"]
[Round "1"]
[White "dladetto"]
[Black "GEORGESILVA"]
[Result "0-1"]
[WhiteElo "1960"]
[BlackElo "2193"]

1. d4 f5 2. Qd3 d5 3. g4 fxg4 4. h3 Nf6 5. Bg5 Qd6 6. Nc3 a6 7. Bg2 Be6 8. Bxf6
exf6 9. hxg4 Nc6 10. O-O-O Nb4 11. Qe3 O-O-O 12. a3 Nc6 13. Nh3 Be7 14. Nf4 Bxg4
15. Nfxd5 Rde8 16. Nxe7+ Rxe7 17. Qd3 g6 18. f3 Qf4+ 19. Qd2 Qg3 20. Rdg1 Bd7
21. e4 Qd6 22. Nd5 Ree8 23. Rd1 f5 24. Qf4 Qxf4+ 25. Nxf4 fxe4 26. fxe4 Ref8 27.
Rhf1 Bg4 28. Rd2 g5 29. Nd5 Rxf1+ 30. Bxf1 Bf3 31. Nf6 h5 32. e5 g4 33. c3 h4
34. Bg2 Bxg2 35. Rxg2 h3 0-1

[Event "AUTO-MASTER-1450"]
[Site "http://www.queenalice.com/game.php?id=960632"]
[Date "2011.7.15"]
[Round "1"]
[White "dladetto"]
[Black "boydelta"]
[Result "0-1"]
[WhiteElo "1973"]
[BlackElo "2261"]

1. c4 e5 2. Nc3 Nf6 3. g3 d6 4. Bg2 Be7 5. Nf3 O-O 6. O-O c6 7. d4 e4 8. Ng5 d5
9. cxd5 cxd5 10. Bf4 Nc6 11. e3 h6 12. Nh3 g5 13. Nxg5 hxg5 14. Bxg5 Ne8 15.
Bxe7 Nxe7 16. f3 f5 17. fxe4 dxe4 18. Rc1 Ng7 19. Na4 b6 20. Nc3 Be6 21. a3 Bc4
22. Rf4 Rc8 23. Bf1 Bxf1 24. Qxf1 Ng6 25. Rf2 Qg5 26. Nd5 Rxc1 27. Qxc1 Nh4 28.
Nf4 Nf3+ 29. Kh1 Kh7 30. Qc7 Rf6 31. Ng2 Rh6 0-1

[Event "AUTO-MASTER-1450"]
[Site "http://www.queenalice.com/game.php?id=960633"]
[Date "2011.7.15"]
[Round "1"]
[White "boydelta"]
[Black "dladetto"]
[Result "1-0"]
[WhiteElo "2264"]
[BlackElo "1990"]

1. e4 c5 2. Nf3 Nc6 3. d3 g6 4. Be2 Bg7 5. O-O Nf6 6. c3 O-O 7. Bg5 d6 8. Ne1
Ne8 9. Na3 f6 10. Be3 e6 11. f4 Qe7 12. Bf3 f5 13. Qb3 Kh8 14. g3 a6 15. Rd1 b5
16. Ng2 Bd7 17. Nb1 Rd8 18. Qc2 Na5 19. h4 c4 20. Bb6 cxd3 21. Rxd3 Bc6 22. Bxa5
fxe4 23. Bxd8 Qxd8 24. Re3 exf3 25. Ne1 e5 26. Qh2 Qb6 27. Qf2 exf4 28. Rxf3
Qxf2+ 29. R3xf2 f3 30. Nxf3 Bxf3 31. Rxf3 Rxf3 32. Rxf3 Kg8 33. Kf2 Nf6 34. Rd3
Ne4+ 35. Kf3 1-0

[Event "AUTO-MASTER-1472"]
[Site "http://www.queenalice.com/game.php?id=972341"]
[Date "2011.8.13"]
[Round "1"]
[White "dladetto"]
[Black "woinic"]
[Result "0-1"]
[WhiteElo "1973"]
[BlackElo "2060"]

1. c4 c5 2. Nc3 e6 3. Nf3 a6 4. d4 cxd4 5. Nxd4 Qc7 6. e4 Nf6 7. Be2 Nc6 8. O-O
b6 9. Be3 Bb7 10. f4 Nxd4 11. Bxd4 Nxe4 12. Nxe4 Bxe4 13. Be5 Qc6 14. Bf3 Bxf3
15. Qxf3 Bc5+ 16. Kh1 Qxf3 17. Rxf3 f6 18. Bc3 Kf7 19. Rd1 Rhd8 20. Rfd3 Ra7 21.
g3 Be7 22. a3 Rb7 23. b4 d6 24. Kg2 Rc8 25. Rd4 Rbc7 0-1

[Event "AUTO-MASTER-1472"]
[Site "http://www.queenalice.com/game.php?id=972342"]
[Date "2011.8.13"]
[Round "1"]
[White "woinic"]
[Black "dladetto"]
[Result "1-0"]
[WhiteElo "2073"]
[BlackElo "1960"]

1. c4 Nf6 2. Nc3 g6 3. g3 Bg7 4. Bg2 O-O 5. d3 d6 6. e4 e5 7. Nge2 Nc6 8. O-O a6
9. Rb1 Be6 10. b4 a5 11. b5 Na7 12. a4 b6 13. f4 c6 14. bxc6 Nxc6 15. Nb5 Nd7
16. f5 Nb4 17. fxe6 Nc5 18. exf7+ Rxf7 19. Rxf7 Kxf7 20. Nec3 Nbxd3 21. Nd5 Kg8
22. Bf1 Nxc1 23. Rxc1 Nxe4 24. Bg2 1-0

[Event "AUTO-MASTER-1472"]
[Site "http://www.queenalice.com/game.php?id=972343"]
[Date "2011.8.13"]
[Round "1"]
[White "dladetto"]
[Black "Gastaodacunha"]
[Result "0-1"]
[WhiteElo "1985"]
[BlackElo "2087"]

1. d4 e6 2. c4 d5 3. Nc3 Nf6 4. Bg5 Be7 5. Nf3 O-O 6. e3 c6 7. Bd3 Nbd7 8. O-O
Re8 9. Qc2 Nf8 10. h3 N6d7 11. Bxe7 Qxe7 12. c5 e5 13. Nd2 e4 14. Ndxe4 dxe4 15.
Nxe4 Nf6 16. Nd6 Rd8 17. Rad1 Ne8 18. Nc4 Be6 19. b3 Nf6 20. f3 Bxc4 21. Qxc4
Qxe3+ 22. Kh1 Nh5 23. Rfe1 Ng3+ 24. Kh2 Qf4 25. Kg1 Ng6 26. Bxg6 hxg6 27. Re5
Rd7 28. Rde1 Rad8 0-1

[Event "AUTO-MASTER-1472"]
[Site "http://www.queenalice.com/game.php?id=972344"]
[Date "2011.8.13"]
[Round "1"]
[White "Gastaodacunha"]
[Black "dladetto"]
[Result "0-1"]
[WhiteElo "2095"]
[BlackElo "1969"]

1. e4 c5 2. c3 Nc6 3. d4 e6 4. Nf3 d5 5. dxc5 Bxc5 6. exd5 exd5 7. Be2 Nf6 8.
O-O O-O 9. Nbd2 Be6 10. Nb3 Bb6 11. Bg5 h6 12. Bh4 Rc8 13. Nbd4 Nxd4 14. Nxd4 g5
15. Nxe6 fxe6 16. Bg3 Ne4 17. Qd3 Nxg3 18. Qg6+ Kh8 19. Qxh6+ Kg8 20. hxg3 Qf6
21. Qh5 Kg7 22. Qf3 Qh6 0-1

[Event "AUTO-MASTER-1472"]
[Site "http://www.queenalice.com/game.php?id=972346"]
[Date "2011.8.13"]
[Round "1"]
[White "richerby"]
[Black "dladetto"]
[Result "1-0"]
[WhiteElo "2186"]
[BlackElo "1949"]

1. d4 Nf6 2. c4 g6 3. Nc3 Bg7 4. e4 d6 5. Be2 O-O 6. Nf3 Nbd7 7. O-O c5 8. d5
Nb6 9. Bf4 a6 10. Qc2 e6 11. a4 exd5 12. cxd5 Bg4 13. Nd2 Bxe2 14. Nxe2 Re8 15.
f3 Nbxd5 16. exd5 Rxe2 17. Qd3 Re7 18. Nc4 Ne8 19. Rae1 b5 20. axb5 axb5 21. Na3
Rb8 22. b3 Rxe1 23. Rxe1 Qb6 24. Qxb5 Qa7 25. Rxe8+ 1-0

[Event "AUTO-ADV-2152"]
[Site "http://www.queenalice.com/game.php?id=991575"]
[Date "2011.9.30"]
[Round "2"]
[White "dladetto"]
[Black "Patou"]
[Result "0-1"]
[WhiteElo "1955"]
[BlackElo "2060"]

1. d4 Nf6 2. c4 c5 3. d5 b5 4. cxb5 a6 5. e3 d6 6. Nc3 g6 7. Nf3 Bg7 8. Be2 O-O
9. O-O axb5 10. Bxb5 Ba6 11. Re1 Qb6 12. a4 Bxb5 13. Nxb5 Na6 14. e4 Nc7 15. Nc3
Rfb8 16. Rb1 Nd7 17. Bd2 Qb3 18. Qxb3 Rxb3 19. e5 Nxe5 20. Nxe5 Bxe5 21. a5 Bxc3
22. bxc3 Rxb1 23. Rxb1 Nxd5 24. c4 Nb4 25. Ra1 Kf8 26. Kf1 e6 27. Ke2 Ke7 28.
Ra4 Nc6 29. a6 Nb8 30. a7 Nc6 31. Ra6 Kd7 32. Ba5 Rxa7 33. Rxa7+ Nxa7 34. Ke3
Nc6 35. Bc3 d5 0-1

[Event "QA-ANNIV-07"]
[Site "http://www.queenalice.com/game.php?id=992111"]
[Date "2011.10.1"]
[Round "2"]
[White "Boeing"]
[Black "dladetto"]
[Result "0-1"]
[WhiteElo "1859"]
[BlackElo "1942"]

1. e4 c5 2. c4 Nc6 3. Nf3 d6 4. h3 Nf6 5. d3 g6 6. Be2 Bg7 7. O-O O-O 8. Bg5 Bd7
9. a3 a6 10. Re1 b5 11. cxb5 axb5 12. Nc3 b4 13. axb4 Rxa1 14. Qxa1 Nxb4 15. Rc1
Bc6 16. d4 Nxe4 17. Nxe4 Bxe4 18. dxc5 h6 19. Bd2 Bxf3 20. Bxf3 Nd3 21. Rc2 Nxc5
22. Ba5 Qb8 23. Qa3 Rc8 24. b4 Nd7 25. Rxc8+ Qxc8 26. b5 Be5 27. b6 Qc2 28. g3
Qb1+ 29. Kg2 Nxb6 30. Bxb6 Qxb6 31. Qa8+ Kg7 32. h4 Bd4 33. Qa2 Qb2 34. Qxb2
Bxb2 35. g4 e6 36. Kf1 f5 37. gxf5 gxf5 38. Ke2 d5 39. Kd3 Kf6 40. Bd1 Ke5 41.
h5 Kf4 42. f3 e5 43. Kc2 Ba1 44. Kd3 Kg5 0-1